| 000 | 01281nam a2200277 a 4500 | ||
|---|---|---|---|
| 001 | 45880 | ||
| 003 | BD-RjUL | ||
| 005 | 20211209054059.0 | ||
| 008 | 160728s1962 ii 000 0 eng | ||
| 035 | _a(BD-RjUL)45998 | ||
| 040 |
_aDLC _cCarP _dBD-RjUL _beng |
||
| 041 | _aeng | ||
| 082 |
_a346.50 _bSES 1962 |
||
| 110 | 1 |
_aIndia (Republic) _kLaws, statutes, etc. [from old catalog] _9138504 |
|
| 245 | 0 | 0 |
_aSami and Aiyer's Law & practice of gambling in India : _bcontaining commentaries on the Public gambling act III of 1867, Madras gambling act III of 1930, Bombay prevention of gambling act V of 1887, Bengal public gambling act II of 1867, U. P. public gambling act, Punjab public gambling act, Burma gambling act, Madhya Bharat gambling act and various enactments pertaining to gambling in India, with up-to-date amendments. _cR. B. Sethi |
| 250 | _a5th ed. | ||
| 260 |
_aAllahabad : _bLaw Book co., _c1962 |
||
| 300 |
_axxiv, 388 p. ; _c25 cm. |
||
| 650 | 0 |
_aGambling _zIndia. _932227 |
|
| 700 | 1 |
_aSami, Syed Maqsud Ali, _eed. _911919 |
|
| 700 | 1 |
_aAiyar, Krishna Jagadisa, _d1885- _eed. _932228 |
|
| 700 | 1 |
_aSethi, Raghbirlal Bhagatram, _eed. _932229 |
|
| 942 |
_2ddc _cBK |
||
| 999 |
_c45880 _d45880 |
||